00366nam a2200097Ia 4500008004100000082002100041100002000062245003300082260003000115650012300145211119s9999||||xx |||||||||||||| ||und|| a894.812 1bVIJ-V aVijayalakshmi,  0aVijayalakshmiyute Kavithakal bD c BooksaKottayamc2010 a Literature & rhetoricvLiteratures of other languagesAltaic, Uralic, Hyperborean & Dravidian MalayalamxGeneral Stack